BITTERSUITE - Billie Eilish - Statistics

General Stats
  • This quiz has been taken 231 times
  • The average score is 238 of 318
Answer Stats
Hint Answer % Correct
Chorus pt. 2 | Intro I
100%
(I
100%
you
100%
You
100%
in
98%
In
98%
be
96%
can
96%
a
95%
can't
95%
Can't
95%
fall
95%
love
95%
Love
95%
with
95%
Chorus | Verse I've
94%
(I've
94%
been
91%
the
90%
what
89%
dream
88%
me
86%
me?)
86%
me)
86%
to
86%
We
86%
when
86%
my
85%
on
85%
on)
85%
say
85%
see
85%
all
84%
dreams
84%
watch
84%
And
83%
havin'
83%
it
83%
it)
83%
careful
82%
gotta
82%
Gotta
82%
Pre-Chorus | Verse 2 But
81%
look
81%
No
81%
want
81%
ma
80%
overseas
80%
overseas)
80%
at
79%
how
79%
were
79%
we're
79%
away
78%
don't
78%
so
78%
goes
77%
is
77%
matter
77%
hope
76%
Chorus 'Cause
75%
need
74%
I'm
73%
of
73%
bad
72%
knees
71%
green
70%
seem
70%
that
70%
way
69%
was
68%
one
67%
God
66%
paranoid
66%
seen
65%
body
64%
breathe
64%
Out
64%
think
64%
wanna
64%
feet
63%
between
62%
from
62%
looking
62%
never
62%
have
61%
Keep
61%
keep
61%
I'll
60%
above
59%
everything
59%
once
59%
Watchin'
59%
Outside
58%
void
58%
week
58%
foyer
57%
sleep
57%
for
55%
off
55%
this
53%
underneath
53%
If
52%
It's
52%
(It's
52%
suite
51%
alright
50%
beliefs
50%
boys
50%
brief
50%
die
50%
spite
49%
land
48%
That's
48%
bittersweet
46%
door
44%
vie
44%
filled
43%
up
43%
up)
43%
wait
43%
de
42%
paralyzed
42%
L'amour
41%
Open
40%
still
38%
romanticized
33%
discrete
32%
stayin'
20%
(Just
18%
just
18%
know
17%
know)
17%
much
14%
Outro (Will
14%
come
11%
(Come
11%
doing
7%
touch
7%
attention
6%
(Listen
6%
paid
5%
seems
5%
something
5%
beginning)
4%
No matching quizzes found
Score Distribution
Percent of People with Each Score
Percentile by Number Answered
Your Score History
You have not taken this quiz